Online
Catalog

El lenguaje perdido : (Record no. 24575)

MARC details
000 -CABECERA
campo de control de longitud fija 00972nam a2200265 u 4500
001 - NÚMERO DE CONTROL
campo de control 000025082
005 - FECHA Y HORA DE LA ÚLTIMA TRANSACCIÓN
campo de control 20200930023543.0
008 - DATOS DE LONGITUD FIJA--INFORMACIÓN GENERAL
campo de control de longitud fija 110209s1977 mx r 000 0 spa d
040 ## - FUENTE DE LA CATALOGACIÓN
Centro catalogador/agencia de origen DO-SdBNP
Lengua de catalogación spa
Centro/agencia transcriptor BNPHU
041 17 - CÓDIGO DE LENGUA
Código de lengua del texto/banda sonora o título independiente spa
Código de lengua original fre
Fuente del código Código de idiomas MARC
082 ## - NÚMERO DE LA CLASIFICACIÓN DECIMAL DEWEY
Número de clasificación nn*
Número de documento/Ítem nn*
049 ## - FONDOS LOCALES (OCLC)
Fondos de biblioteca BNGR
100 1# - ENTRADA PRINCIPAL--NOMBRE DE PERSONA
Nombre de persona Duvidnaud, Jean.
9 (RLIN) 51469
240 13 - TÍTULO UNIFORME
Título uniforme Le lengage perdu.
Lenguaje de la obra Español
245 13 - MENCIÓN DE TÍTULO
Título El lenguaje perdido :
Resto del título ensayo sobre la diferencia antropológica /
Mención de responsabilidad, etc. Jean Duvignaud ; traducción de Hugo Azcurra.
260 ## - PUBLICACIÓN, DISTRIBUCIÓN, ETC.
Lugar de publicación, distribución, etc. México, D. F. :
Nombre del editor, distribuidor, etc. Siglo Veintiuno,
Fecha de publicación, distribución, etc. 1977.
300 ## - DESCRIPCIÓN FÍSICA
Extensión 248 p. ;
Dimensiones 21 cm.
490 1# - MENCIÓN DE SERIE
Mención de serie Antropología
534 ## - NOTA SOBRE LA VERSIÓN ORIGINAL
Encabezamiento principal del original Título original :
Mención de título del original Le lengage perdu
504 ## - NOTA DE BIBLIOGRAFÍA, ETC.
Nota de bibliografía, etc. Bibliografía : [247]-248 p.
500 ## - NOTA GENERAL
Nota general Incluye notas y referencias bibliográficas al pie de las páginas.
500 ## - NOTA GENERAL
Nota general Inclye referencias bibliográficas y notas al pie de las páginas.
700 1# - PUNTO DE ACCESO ADICIONAL--NOMBRE DE PERSONA
Nombre de persona Azcurra, Hugo,
Término indicativo de función/relación tr.
9 (RLIN) 51470
830 #0 - PUNTO DE ACCESO ADICIONAL DE SERIE-TÍTULO UNIFORME
Título uniforme Antropología
9 (RLIN) 18556
Holdings
Estado de retiro Estado de pérdida Restricciones de uso No para préstamo Código de colección Localización permanente Ubicación/localización actual Ubicación en estantería Fecha de adquisición Número de inventario Total de préstamos Signatura topográfica completa Código de barras Fecha visto por última vez Precio válido a partir de Tipo de ítem Koha
        Monografías: Libros y Folletos General General En catalogación 09.02.2011 LF1   nn* nn* 25082-10 25.06.2020 25.06.2020 Préstamo en sala

Powered by Koha